000
00308nam a22001337a 4500
008
170308b xxu||||| |||| 00| 0 eng d
020
_a
9780443045677
041
_a
eng
080
_2
2ND
_a
611
100
_a
6
101
_a
SHM
245
_a
THE ARTERIAL ANATOMY OF SKIN FLAPS
_c
CORMACK, G.C
942
_2
udc
_c
BK
999
_c
7213
_d
7213